000 02071nam a2200541 i 4500
001 23852
003 KOSZ 005
005 20210430081148.0
008 210428s1987 pl a f 001 0 pol
015 _aUWD 1987/10513
020 _a832040827X
035 _a991007425319705066
035 _a(PL-WaBN)b11926831-48omnis_nlop
035 _ab11926831
035 _a(OCoLC)751320728
035 _a(PL)b0000001192683
035 _a(EXLNZ-48OMNIS_NETWORK)9910158080605606
040 _aWA N
_cWA N
_dKOSZ 005/RW
046 _k1975
080 _a621.314
100 1 _aTunia, Henryk
_d(1925- )
_eAutor
245 1 0 _aPodstawy energoelektroniki /
_cHenryk Tunia, Bolesław Winiarski ; [recenzent: doc. dr inż. Janusz Wdowiak].
250 _aWydanie 3 zmienione.
260 _aWarszawa :
_bWydawnictwa Naukowo-Techniczne,
_c1987.
300 _a602, [2] strony :
_bwykresy, ilustracje ;
_c25 cm.
336 _aTekst
_btxt
_2rdacontent
337 _aBez urządzenia pośredniczącego
_bn
_2rdamedia
338 _aWolumin
_bnc
_2rdacarrier
380 _aKsiążki
380 _aPublikacje fachowe
380 _aPublikacje dydaktyczne
385 _mPoziom nauczania
_aSzkoły wyższe
388 1 _a1901-2000
388 1 _a1945-1989
504 _aBibliografia na stronach [593]-597. - Indeks.
521 8 _aKsiążka jest przeznaczona zarówno dla studentów wydziałów elektrycznych (jako książka pomocnicza), jak i dla inżynierów elektryków specjalizujących się w dziedzinie energoelektroniki.
650 7 _aElektronika
_2DBN
650 7 _aUrządzenia elektryczne
650 7 _aEnergoelektronika
655 7 _aOpracowanie
658 _aInżynieria i technika
700 1 _aWiniarski, Bolesław
_d(1924-2000)
_eAutor
700 1 _aWdowiak, Janusz
_c(elektronik)
_eRecenzja
710 2 _aWydawnictwa Naukowo-Techniczne
_4pbl
856 _uhttp://koha.tu.koszalin.pl/cgi-bin/koha/opac-detail.pl?biblionumber=23852
_yKatalog online BPK
942 _2UKD
_cKS
999 _c23852
_d23852